UBT Library

Quantitative methods for business / (Record no. 47181)

000 -LEADER
fixed length control field 00725cam a22002417a 4500
001 - CONTROL NUMBER
control field 13045699
005 - DATE AND TIME OF LATEST TRANSACTION
control field 20180815051012.0
008 - FIXED-LENGTH DATA ELEMENTS--GENERAL INFORMATION
fixed length control field 030102s2004 ohua b 001 0 eng
010 ## - LIBRARY OF CONGRESS CONTROL NUMBER
LC control number 2003100040
020 ## - INTERNATIONAL STANDARD BOOK NUMBER
International Standard Book Number 0324184131
035 ## - SYSTEM CONTROL NUMBER
System control number (DLC) 2003100040
040 ## - CATALOGING SOURCE
Original cataloging agency DLC
Transcribing agency DLC
Modifying agency DLC
041 ## - LANGUAGE CODE
Language code of text/sound track or separate title eng
080 ## - UNIVERSAL DECIMAL CLASSIFICATION NUMBER
Universal Decimal Classification number 33
082 ## - DEWEY DECIMAL CLASSIFICATION NUMBER
Edition number 33
100 1# - Rafti
Rafti 59
101 ## - Shkurtesa
Shkurtesa BUS
245 10 - TITLE STATEMENT
Title Quantitative methods for business /
Statement of responsibility, etc David R. Anderson, Dennis J. Sweeney, Thomas A. Williams.
504 ## - BIBLIOGRAPHY, ETC. NOTE
Bibliography, etc Includes bibliographical references (p. [785]-786) and index.
906 ## - LOCAL DATA ELEMENT F, LDF (RLIN)
a 7
b cbc
c orignew
d 2
e epcn
f 20
g y-gencatlg
942 ## - ADDED ENTRY ELEMENTS (KOHA)
Source of classification or shelving scheme
Item type Books
Holdings
Withdrawn status Lost status Source of classification or shelving scheme Damaged status Not for loan Collection code Permanent location Current location Shelving location Date acquired Total Checkouts Full call number Barcode Date last seen Price effective from Koha item type
          Koleksioni i përgjithshem UBT - Lipjan UBT - Lipjan Koleksioni i përgjithshem 08/15/2018   33 AND 002-3011366 08/15/2018 08/15/2018 Books
UBT Library © 2015-2024. All rights reserved University Education for Business and Technology